Mots de la langue française terminés par "mure" - Statistiques

Statistiques générales
  • Ce quiz a été pris 163 fois
  • Le résultat moyen est 6 sur 12
Statistiques - réponses
Indice Mot % Correct
chuchotement murmure
96%
fruit mûre
95%
protection armure
94%
préparation salée saumure
81%
Br- bromure
77%
andouiller ramure
58%
membrane entre les doigts palmure
28%
mince couche Sn étamure
21%
spectre lémure
19%
engrais fumure
18%
partie supérieure des bois d'un cerf empaumure
5%
petite déchirure entamure
1%
Aucun quiz correspondant
Distribution des résultats
% des personnes avec chaque résultat
Percentile par nombre de réponses
Votre historique - résultats
Vous n’avez pas pris ce quiz